Human work interaction design: (Record no. 12141)
[ view plain ]
| 000 -LEADER | |
|---|---|
| fixed length control field | 00698nam a22001937a 4500 |
| 008 - FIXED-LENGTH DATA ELEMENTS--GENERAL INFORMATION | |
| fixed length control field | 230322b |||||||| |||| 00| 0 eng d |
| 020 ## - INTERNATIONAL STANDARD BOOK NUMBER | |
| International Standard Book Number | 10-0-387-36790-X |
| 040 ## - CATALOGING SOURCE | |
| Original cataloging agency | National Science Library |
| Transcribing agency | National Science Library |
| 080 ## - UNIVERSAL DECIMAL CLASSIFICATION NUMBER | |
| Universal Decimal Classification number | D 681.3.015(082.2) |
| Item number | P6 |
| 245 ## - TITLE STATEMENT | |
| Title | Human work interaction design: |
| Remainder of title | Designing for human work |
| Statement of responsibility, etc. | / The first IFIP TC 13.6 WG conference designing for human work, 13-15 February, 2006 Madeira, Portugal |
| 260 ## - PUBLICATION, DISTRIBUTION, ETC. | |
| Place of publication, distribution, etc. | New York: |
| Name of publisher, distributor, etc. | Springer, |
| Date of publication, distribution, etc. | 2006c |
| 300 ## - PHYSICAL DESCRIPTION | |
| Extent | viii, 250p. |
| 650 ## - SUBJECT ADDED ENTRY--TOPICAL TERM | |
| Topical term or geographic name entry element | Human work |
| 653 ## - INDEX TERM--UNCONTROLLED | |
| Uncontrolled term | Motion analysis |
| 700 ## - ADDED ENTRY--PERSONAL NAME | |
| Personal name | Clemmensen, Torkil (Ed.) |
| 700 ## - ADDED ENTRY--PERSONAL NAME | |
| Personal name | Campos, Pedro (Ed.) |
| 700 ## - ADDED ENTRY--PERSONAL NAME | |
| Personal name | Orngreen, Rikke (Ed.) |
| 942 ## - ADDED ENTRY ELEMENTS (KOHA) | |
| Source of classification or shelving scheme | Universal Decimal Classification |
| Koha item type | Proceedings |
| Withdrawn status | Lost status | Source of classification or shelving scheme | Damaged status | Not for loan | Home library | Current library | Shelving location | Date acquired | Total Checkouts | Full call number | Barcode | Date last seen | Price effective from | Koha item type |
|---|---|---|---|---|---|---|---|---|---|---|---|---|---|---|
| Universal Decimal Classification | National Science Library | National Science Library | GF/Rk-3/C-20/R-6 | 06/11/2006 | D 681.3.015(082.2) P6 | 226737 | 22/03/2023 | 22/03/2023 | Proceedings |